=LDR 00000nam 2200000 4500 =001 INLIS000000000023192 =005 20130612121855 =008 ***********************************Ind** =035 ##$$a0010-061300000023192 =041 ##$$a Ind =082 ##$$a 910 =090 ##$$a 910, Mar-p =100 ##$$a Marpaung, Happy =245 ##$$a Pengantar pariwisata, Happy Marpaung, Herman Bahar =260 ##$$a 2002 $b Bandung =300 ##$$a x, 197 hlm., ilus, 23,5 cm =650 ##$$a Pariwisata =850 ##$$a NBPNMAT =990 ##$$a 21195128/BPAP-NTB/2014 =990 ##$$a 21400269/BPAP-NTB/2014 =990 ##$$a 0001/BPAP-NTB/20142014